[Event "BL2 West 1819 (Women)"]
[Site "Germany"]
[Date "2018.10.28"]
[Round "2.4"]
[White "Silz, Elisa"]
[Black "Wirths, Clara"]
[Result "1-0"]
[WhiteElo "1995"]
[BlackElo "1999"]
[PlyCount "119"]
[EventDate "2018.10.27"]
[EventType "team-tourn"]
[EventRounds "7"]
[EventCountry "GER"]
[SourceTitle "CBM 190 Extra"]
[Source "ChessBase"]
[SourceDate "2019.07.15"]
[SourceVersion "1"]
[SourceVersionDate "2019.07.15"]
[SourceQuality "1"]
[WhiteTeam "Kiel Doppelbauer (W)"]
[BlackTeam "Bochum Wattenscheid (W)"]
[WhiteTeamCountry "GER"]
[BlackTeamCountry "GER"]

1. d4 Nf6 2. Nf3 e6 3. c4 Bb4+ 4. Bd2 Be7 5. g3 d5 6. Bg2 0-0 7. Nc3 Ne4 8. 0-0 Nxd2 9. Nxd2 dxc4 10. Nxc4 Nd7 11. Rc1 Rb8 12. Nb5 a6 13. Na7 Nf6 14. Nxc8 Qxc8 15. Qc2 Qd7 16. Rfd1 Rfc8 17. Qb3 Qb5 18. Qxb5 axb5 19. Na5 c6 20. a3 Bd8 21. Nb3 Bb6 22. Nc5 Bxc5 23. Rxc5 Rd8 24. e3 Nd5 25. e4 Nb6 26. d5 exd5 27. exd5 Nc4 28. Rc1 Nxb2 29. dxc6 bxc6 30. Rxc6 Nc4 31. Ra1 Rdc8 32. Rxc8+ Rxc8 33. Rc1 Nd6 34. Rxc8+ Nxc8 35. Bf1 Nd6 36. f4 Kf8 37. Kf2 Ke7 38. Ke3 Kd7 39. Kd4 Kc6 40. g4 Ne8 41. Bd3 h6 42. h4 f6 43. h5 Nd6 44. Be2 Nc8 45. Bf3+ Kd6 46. Bd1 Ne7 47. Bb3 Nc8 48. Bf7 Ne7 49. Be8 Nc6+ 50. Ke4 Kc5 51. Bxc6 Kxc6 52. Kf5 Kc5 53. Kg6 Kc4 54. Kxg7 Kb3 55. Kxh6 Kxa3 56. Kg7 b4 57. h6 b3 58. h7 b2 59. h8Q b1Q 60. Qa8+ 1-0

[Event "BL2 West 1819 (Women)"]
[Site "Germany"]
[Date "2018.10.27"]
[Round "1.3"]
[White "Mundt, Alexandra"]
[Black "Wirths, Clara"]
[Result "1/2-1/2"]
[WhiteElo "1679"]
[BlackElo "1999"]
[PlyCount "40"]
[EventDate "2018.10.27"]
[EventType "team-tourn"]
[EventRounds "7"]
[EventCountry "GER"]
[SourceTitle "CBM 190 Extra"]
[Source "ChessBase"]
[SourceDate "2019.07.15"]
[SourceVersion "1"]
[SourceVersionDate "2019.07.15"]
[SourceQuality "1"]
[WhiteTeam "Luebeck (W)"]
[BlackTeam "Bochum Wattenscheid (W)"]
[WhiteTeamCountry "GER"]
[BlackTeamCountry "GER"]

1. Nf3 Nf6 2. c4 d5 3. g3 Bg4 4. Bg2 e6 5. 0-0 Be7 6. b3 0-0 7. Bb2 Nbd7 8. d4 dxc4 9. bxc4 c5 10. e3 Rc8 11. Nbd2 cxd4 12. exd4 Bb4 13. Qb3 Bxd2 14. Nxd2 b6 15. Rac1 Qc7 16. h3 Bh5 17. Rfe1 Rfd8 18. Qe3 Bg6 19. Nb3 h6 20. Red1 Re8 1/2-1/2

[Event "BL2 West 1617 (Women)"]
[Site "Germany"]
[Date "2017.01.21"]
[Round "3.3"]
[White "Wirths, Clara"]
[Black "Benzen, Marthe"]
[Result "1-0"]
[WhiteElo "2006"]
[BlackElo "2043"]
[PlyCount "109"]
[EventDate "2016.10.22"]
[EventType "team-tourn"]
[EventRounds "7"]
[EventCountry "GER"]
[SourceTitle "EXT 2018"]
[Source "ChessBase"]
[SourceDate "2017.10.13"]
[SourceVersion "1"]
[SourceVersionDate "2017.10.13"]
[SourceQuality "1"]
[WhiteTeam "Wattenscheid (W)"]
[BlackTeam "Kiel Doppelbauer (W)"]
[WhiteTeamCountry "GER"]
[BlackTeamCountry "GER"]

1. e4 e5 2. Nf3 Nc6 3. Bb5 a6 4. Ba4 Nf6 5. 0-0 b5 6. Bb3 Be7 7. Re1 d6 8. h3 Na5 9. d3 Nxb3 10. axb3 0-0 11. Nbd2 Nd7 12. Nf1 Nc5 13. Ne3 c6 14. Bd2 Ne6 15. Nf5 Bf6 16. Nh2 g6 17. Ba5 Qd7 18. Nh6+ Kh8 19. Bc3 c5 20. b4 Bg5 21. N6g4 f5 22. Ne3 fxe4 23. dxe4 c4 24. Nd5 Rb8 25. Bd2 Bxd2 26. Qxd2 Bb7 27. Rad1 Rbd8 28. c3 Bxd5 29. Qxd5 Nf4 30. Qd2 Nd3 31. Rf1 Qa7 32. Ng4 Rf4 33. Qe2 Rdf8 34. Rd2 Kg7 35. Rxd3 cxd3 36. Qxd3 Qb6 37. Ne3 R4f7 38. f3 d5 39. exd5 Rf4 40. Kh2 Qd6 41. Kg1 Qf6 42. d6 Qe6 43. Ng4 Rd8 44. Rd1 Kf8 45. Nf2 Qc4 46. Ne4 Qb3 47. Nc5 Qa2 48. d7 Rf7 49. Qd6+ Kg8 50. Qxe5 Qxb2 51. Qe8+ Rf8 52. Qe6+ Kg7 53. Qe5+ Kh6 54. Ne6 Qc2 55. Qg5# 1-0

[Event "BL2 West 1314 (Women)"]
[Site "Germany"]
[Date "2013.11.30"]
[Round "1.2"]
[White "Wirths, Clara"]
[Black "Rath, Alina"]
[Result "1-0"]
[WhiteElo "2003"]
[BlackElo "1998"]
[PlyCount "107"]
[EventDate "2013.11.30"]
[EventType "team-tourn"]
[EventRounds "7"]
[EventCountry "GER"]
[SourceTitle "EXT 2018"]
[Source "ChessBase"]
[SourceDate "2017.10.13"]
[SourceVersion "1"]
[SourceVersionDate "2017.10.13"]
[SourceQuality "1"]
[WhiteTeam "Wattenscheid (W)"]
[BlackTeam "Kiel Doppelbauer (W)"]
[WhiteTeamCountry "GER"]
[BlackTeamCountry "GER"]

1. e4 c5 2. Nf3 Nc6 3. d4 cxd4 4. Nxd4 Nf6 5. Nc3 d6 6. Be2 e5 7. Nb3 h6 8. Be3 Be7 9. f3 Be6 10. Qd2 0-0 11. 0-0-0 a5 12. g4 a4 13. Na1 a3 14. b3 Nb4 15. g5 hxg5 16. Bxg5 Rc8 17. Kb1 Qa5 18. Bxf6 Bxf6 19. Nd5 Bxd5 20. exd5 Qc5 21. c4 Rfe8 22. Bd3 Re7 23. Be4 b5 24. Rc1 Rec7 25. Nc2 Nxa2 26. Kxa2 bxc4 27. Na1 c3 28. Qg2 Rb8 29. Rc2 Rcb7 30. Rhc1 Rc7 31. Qg1 Qb4 32. Qe3 Rbc8 33. Rg1 Rc5 34. Qh6 Kf8 35. Qe3 Qd4 36. Re1 Qb4 37. Rb1 Ke7 38. Re2 Rb8 39. Nc2 Qb7 40. Ree1 Rh8 41. Re2 Rb8 42. b4 Rc4 43. Rb3 Rbc8 44. Re1 Rh8 45. Rxa3 Ra8 46. Rxa8 Qxa8+ 47. Kb3 Rc7 48. Ra1 Qb7 49. Ra3 g6 50. Ka2 Qb5 51. Qd3 Qxd3 52. Bxd3 Bg5 53. b5 Bc1 54. b6 1-0

[Event "BL 1213 (Women)"]
[Site "Germany"]
[Date "2013.01.20"]
[Round "7.1"]
[White "Zatonskih, Anna"]
[Black "Wirths, Clara"]
[Result "1-0"]
[WhiteElo "2499"]
[BlackElo "2022"]
[PlyCount "71"]
[EventDate "2012.10.06"]
[EventType "team-tourn"]
[EventRounds "11"]
[EventCountry "GER"]
[SourceTitle "EXT 2014"]
[Source "ChessBase"]
[SourceDate "2013.11.20"]
[SourceVersion "1"]
[SourceVersionDate "2013.11.20"]
[SourceQuality "1"]
[WhiteTeam "Baden-Baden (W)"]
[BlackTeam "Wattenscheid (W)"]
[WhiteTeamCountry "GER"]
[BlackTeamCountry "GER"]

1. d4 Nf6 2. c4 e6 3. Nc3 Bb4 4. Qc2 0-0 5. Nf3 d5 6. cxd5 exd5 7. Bg5 c6 8. e3 Nbd7 9. Bd3 h6 10. Bh4 Re8 11. 0-0 Nf8 12. a3 Bd6 13. Bg3 Bxg3 14. hxg3 Ne6 15. b4 a6 16. a4 Ng5 17. Rfb1 Ng4 18. b5 Qf6 19. Qe2 Ne4 20. Bxe4 dxe4 21. Nd2 Qg6 22. bxc6 Qxc6 23. Ra3 Nf6 24. a5 Bd7 25. Nc4 Be6 26. Ne5 Qc7 27. Qb2 Rab8 28. Qb6 Rec8 29. Qxc7 Rxc7 30. Na4 Nd7 31. Nxd7 Bxd7 32. Nc5 Bb5 33. Nxe4 b6 34. axb6 Rxb6 35. Nc3 Kf8 36. Nd5 1-0

[Event "GER-chT Federal Cup (Women)"]
[Site "Braunfels"]
[Date "2012.06.09"]
[Round "4.3"]
[White "Meyer, Bettina"]
[Black "Wirths, Clara"]
[Result "1-0"]
[WhiteElo "1989"]
[BlackElo "2046"]
[PlyCount "81"]
[EventDate "2012.06.07"]
[EventType "team-swiss"]
[EventRounds "5"]
[EventCountry "GER"]
[SourceTitle "CBM 149 Extra"]
[Source "ChessBase"]
[SourceDate "2012.08.24"]
[SourceVersion "1"]
[SourceVersionDate "2012.08.24"]
[SourceQuality "1"]
[WhiteTeam "Hamburg (W)"]
[BlackTeam "Nordrhein Westfalen (W)"]
[WhiteTeamCountry "GER"]
[BlackTeamCountry "GER"]

1. d4 Nf6 2. c4 d6 3. Nc3 Nbd7 4. e4 e5 5. Nf3 c6 6. Be2 Be7 7. 0-0 0-0 8. b3 Re8 9. Qc2 a5 10. h3 Bf8 11. Be3 Qe7 12. d5 h6 13. a3 Nh5 14. Nh2 Nf4 15. Bf3 Nf6 16. Na4 g5 17. Nb6 Ra6 18. b4 axb4 19. axb4 Qc7 20. Rxa6 bxa6 21. Qa4 Bb7 22. Rc1 h5 23. Qd1 Be7 24. Na4 cxd5 25. cxd5 Qd7 26. Nb6 Qd8 27. Rc2 Kg7 28. Qf1 Rh8 29. Nc4 Bc8 30. Bxf4 gxf4 31. Qe2 Kh6 32. Kh1 Rg8 33. Na5 Qf8 34. Nc6 Bd8 35. Nxd8 Qxd8 36. Qc4 Ne8 37. Qxc8 Qh4 38. Qxa6 Rg6 39. Qc8 Nf6 40. Qf8+ Kh7 41. Qxf7+ 1-0

[Event "GER-chT Federal Cup (Women)"]
[Site "Braunfels"]
[Date "2012.06.08"]
[Round "3.3"]
[White "Wirths, Clara"]
[Black "Frey, Alisa"]
[Result "0-1"]
[WhiteElo "2046"]
[BlackElo "2033"]
[PlyCount "96"]
[EventDate "2012.06.07"]
[EventType "team-swiss"]
[EventRounds "5"]
[EventCountry "GER"]
[SourceTitle "CBM 149 Extra"]
[Source "ChessBase"]
[SourceDate "2012.08.24"]
[SourceVersion "1"]
[SourceVersionDate "2012.08.24"]
[SourceQuality "1"]
[WhiteTeam "Nordrhein Westfalen (W)"]
[BlackTeam "Baden (W)"]
[WhiteTeamCountry "GER"]
[BlackTeamCountry "GER"]

1. e4 e5 2. Nf3 Nc6 3. Bb5 a6 4. Ba4 Nf6 5. 0-0 Be7 6. Re1 b5 7. Bb3 0-0 8. a4 b4 9. d4 exd4 10. e5 Ne8 11. Nxd4 Na5 12. Bd5 c6 13. Be4 d5 14. exd6 Bxd6 15. Qd3 f5 16. Nxf5 Qf6 17. g4 Bxf5 18. Bxf5 Qh4 19. Be3 Qxh2+ 20. Kf1 Nf6 21. Nd2 Rae8 22. Ne4 Nxe4 23. Bxe4 Bg3 24. Bg2 Qh4 25. Re2 Qxg4 26. Ke1 Bh4 27. Bf1 Nc4 28. Bc5 Rxe2+ 29. Qxe2 Qxe2+ 30. Bxe2 Rf4 31. b3 Bf6 32. Rd1 Bc3+ 33. Kf1 Nd2+ 34. Kg2 Rf6 35. Bxa6 Rg6+ 36. Kh3 Kf7 37. Be3 Nf3 38. Bc4+ Ke8 39. Bd3 Ng1+ 40. Kh4 Rg2 41. Be4 Bf6+ 42. Kh5 g6+ 43. Bxg6+ hxg6+ 44. Kh6 Kf7 45. Rd7+ Ke6 46. Rc7 Kf5 47. Kh7 Rh2+ 48. Bh6 Nf3 0-1

[Event "BL2 West 1112 (Women)"]
[Site "Germany"]
[Date "2011.11.27"]
[Round "4.1"]
[White "Nattermueller, Irina"]
[Black "Wirths, Clara"]
[Result "1/2-1/2"]
[WhiteElo "2094"]
[BlackElo "2038"]
[PlyCount "92"]
[EventDate "2011.10.29"]
[EventType "team-tourn"]
[EventRounds "7"]
[EventCountry "GER"]
[SourceTitle "EXT 2013"]
[Source "ChessBase"]
[SourceDate "2012.11.22"]
[SourceVersion "1"]
[SourceVersionDate "2012.11.22"]
[SourceQuality "1"]
[WhiteTeam "Heiden (W)"]
[BlackTeam "Wattenscheid (W)"]
[WhiteTeamCountry "GER"]
[BlackTeamCountry "GER"]

1. e4 c5 2. Nf3 Nc6 3. d4 cxd4 4. Nxd4 Nf6 5. Nc3 e5 6. Ndb5 d6 7. a4 a6 8. Na3 Bg4 9. f3 Be6 10. Bc4 Rc8 11. Be3 Be7 12. 0-0 0-0 13. Kh1 Nb4 14. Nd5 Nbxd5 15. Bxd5 Nxd5 16. exd5 Bd7 17. c4 f5 18. Qb3 f4 19. Bf2 Rf6 20. c5 Rh6 21. Nc4 Bh4 22. Kg1 Bxf2+ 23. Rxf2 Rxc5 24. Nd2 Qh4 25. Nf1 b5 26. axb5 Bxb5 27. Rc2 Rxc2 28. Qxc2 Qd8 29. Nd2 Rf6 30. Ne4 Rf7 31. Rc1 Kf8 32. b4 Qb6+ 33. Kh1 Bd7 34. Ng5 Bf5 35. Ne6+ Ke7 36. Qc8 Kf6 37. h4 h6 38. h5 Qb7 39. Qc4 Bxe6 40. dxe6 Re7 41. Qd3 Kxe6 42. Qg6+ Kd7 43. Qf5+ Re6 44. Qf7+ Re7 45. Qf5+ Re6 46. Qf7+ Re7 1/2-1/2

[Event "Ruhrgebiet Verbandsliga2 1011"]
[Site "Nordrheinwestfalen"]
[Date "2011.04.10"]
[Round "9.3"]
[White "Trzaska, Peter"]
[Black "Wirths, Clara"]
[Result "1-0"]
[WhiteElo "2073"]
[BlackElo "1959"]
[PlyCount "63"]
[EventDate "2010.09.12"]
[EventType "team-tourn"]
[EventRounds "9"]
[EventCountry "GER"]
[SourceTitle "EXT 2020"]
[Source "ChessBase"]
[SourceDate "2019.10.17"]
[SourceVersion "1"]
[SourceVersionDate "2019.10.17"]
[SourceQuality "1"]
[WhiteTeam "Herne Sodingen II"]
[BlackTeam "Wattenscheid SV IV"]
[WhiteTeamCountry "GER"]
[BlackTeamCountry "GER"]

1. c4 e5 2. Nf3 Nc6 3. Nc3 Nf6 4. g3 d5 5. cxd5 Nxd5 6. Bg2 Be6 7. 0-0 Be7 8. d4 exd4 9. Nxd4 Nxd4 10. Qxd4 Nxc3 11. Qxc3 Bf6 12. Qb4 Rb8 13. Be3 Be7 14. Qc3 0-0 15. Rfd1 Qc8 16. Bxa7 Ra8 17. Bd4 f6 18. Qe3 Bd6 19. Bxb7 Qxb7 20. Qxe6+ Kh8 21. Qb3 Qe4 22. Qd3 Qe6 23. Qe3 Qf7 24. a4 f5 25. Qf3 f4 26. Kg2 Qg6 27. g4 h5 28. h3 Ra5 29. Qd3 f3+ 30. exf3 Qg5 31. Qe3 Qh4 32. Qh6+ 1-0

[Event "Ruhrgebiet Verbandsliga2 1011"]
[Site "Nordrheinwestfalen"]
[Date "2011.03.20"]
[Round "8.3"]
[White "Wirths, Clara"]
[Black "Schneider, Markus"]
[Result "1-0"]
[WhiteElo "1959"]
[BlackElo "1922"]
[PlyCount "47"]
[EventDate "2010.09.12"]
[EventType "team-tourn"]
[EventRounds "9"]
[EventCountry "GER"]
[SourceTitle "EXT 2020"]
[Source "ChessBase"]
[SourceDate "2019.10.17"]
[SourceVersion "1"]
[SourceVersionDate "2019.10.17"]
[SourceQuality "1"]
[WhiteTeam "Wattenscheid SV IV"]
[BlackTeam "Mengede SG"]
[WhiteTeamCountry "GER"]
[BlackTeamCountry "GER"]

1. e4 c5 2. Nf3 d6 3. d4 cxd4 4. Nxd4 Nf6 5. Nc3 g6 6. f3 Bg7 7. Be3 Nc6 8. Qd2 Bd7 9. Bc4 0-0 10. 0-0-0 Rc8 11. Bb3 Ne5 12. h4 h5 13. Bh6 Bxh6 14. Qxh6 Rxc3 15. bxc3 Qc7 16. g4 Qxc3 17. Kb1 Nc4 18. Bxc4 Qxc4 19. gxh5 Qb4+ 20. Nb3 a5 21. hxg6 Ra8 22. e5 dxe5 23. Rxd7 a4 24. Rhd1 1-0

[Event "Ruhrgebiet Verbandsliga2 1011"]
[Site "Nordrheinwestfalen"]
[Date "2011.02.27"]
[Round "7.3"]
[White "Sohlmann, Jan Henning"]
[Black "Wirths, Clara"]
[Result "1-0"]
[WhiteElo "2100"]
[BlackElo "1959"]
[PlyCount "77"]
[EventDate "2010.09.12"]
[EventType "team-tourn"]
[EventRounds "9"]
[EventCountry "GER"]
[SourceTitle "EXT 2020"]
[Source "ChessBase"]
[SourceDate "2019.10.17"]
[SourceVersion "1"]
[SourceVersionDate "2019.10.17"]
[SourceQuality "1"]
[WhiteTeam "Welper SV"]
[BlackTeam "Wattenscheid SV IV"]
[WhiteTeamCountry "GER"]
[BlackTeamCountry "GER"]

1. e4 c5 2. Nf3 Nc6 3. Bb5 g6 4. 0-0 Bg7 5. Re1 d6 6. c3 Bd7 7. d4 cxd4 8. cxd4 Qb6 9. Nc3 Nf6 10. Be3 Ng4 11. Nd5 Qd8 12. Bg5 f6 13. Bd2 0-0 14. Nf4 Kh8 15. h3 Nh6 16. d5 Ne5 17. Bxd7 Qxd7 18. Nxe5 fxe5 19. Ne6 Rf7 20. Qb3 Ng8 21. Rac1 b6 22. Rc7 Qe8 23. Rec1 Bh6 24. Bxh6 Nxh6 25. R1c6 Ng8 26. Qc3 Rf6 27. f4 exf4 28. Nxf4 Qf7 29. Rc8 Rxc8 30. Rxc8 h6 31. Ne6 Kh7 32. Rf8 Qxf8 33. Nxf8+ Rxf8 34. Qc7 Rf4 35. Qxa7 Rxe4 36. Qxb6 Re5 37. a4 Nf6 38. a5 Nxd5 39. Qb7 1-0

[Event "BL2 Mitte 1011 (Women)"]
[Site "Germany"]
[Date "2011.02.20"]
[Round "7.1"]
[White "Wirths, Clara"]
[Black "Skibbe, Diana"]
[Result "0-1"]
[WhiteElo "2054"]
[BlackElo "2121"]
[PlyCount "78"]
[EventDate "2010.11.06"]
[EventType "team-tourn"]
[EventRounds "7"]
[EventCountry "GER"]
[SourceTitle "EXT 2012"]
[Source "ChessBase"]
[SourceDate "2011.11.24"]
[SourceVersion "1"]
[SourceVersionDate "2011.11.24"]
[SourceQuality "1"]
[WhiteTeam "Wattenscheid (W)"]
[BlackTeam "Zeulenroda (W)"]
[WhiteTeamCountry "GER"]
[BlackTeamCountry "GER"]

1. e4 e5 2. Bc4 Nf6 3. d3 Nc6 4. Nc3 Bc5 5. f4 d6 6. Nf3 Ng4 7. Ng5 0-0 8. f5 Nf6 9. Na4 Bb4+ 10. c3 Ba5 11. b4 Bb6 12. Nxb6 axb6 13. 0-0 Ne7 14. Nxf7 Rxf7 15. Bxf7+ Kxf7 16. g4 Kg8 17. g5 Nd7 18. f6 Ng6 19. Qb3+ Kh8 20. fxg7+ Kxg7 21. h4 Qg8 22. Qd1 Ndf8 23. Be3 Qe6 24. Qh5 Qg4+ 25. Qxg4 Bxg4 26. Rf2 Ne6 27. Raf1 Nef4 28. Bxf4 Nxf4 29. Rd2 Rf8 30. Kh2 Be2 31. Rxf4 Rxf4 32. Rxe2 Rxh4+ 33. Kg3 Rh5 34. Kg4 Kg6 35. Rf2 Rxg5+ 36. Kh4 Rg1 37. Rf8 Rh1+ 38. Kg3 Rd1 39. Rf3 b5 0-1

[Event "Ruhrgebiet VL1 0910"]
[Site "Germany"]
[Date "2010.03.21"]
[Round "8.1"]
[White "Wirths, Clara"]
[Black "Boehm, Joachim"]
[Result "0-1"]
[WhiteElo "2072"]
[BlackElo "2211"]
[PlyCount "80"]
[EventDate "2009.09.06"]
[EventType "team-tourn"]
[EventRounds "9"]
[EventCountry "GER"]
[SourceTitle "EXT 2011"]
[Source "ChessBase"]
[SourceDate "2010.11.26"]
[SourceVersion "1"]
[SourceVersionDate "2010.11.26"]
[SourceQuality "1"]
[WhiteTeam "Wattenscheid IV"]
[BlackTeam "Horst Emscher"]
[WhiteTeamCountry "GER"]
[BlackTeamCountry "GER"]

1. e4 g6 2. d4 Bg7 3. Nc3 d6 4. Nf3 c6 5. Bc4 Nf6 6. Bb3 0-0 7. Bg5 Qa5 8. Qe2 Bg4 9. e5 dxe5 10. dxe5 Nd5 11. Bd2 Nxc3 12. Bxc3 Qc7 13. 0-0-0 e6 14. Rhe1 c5 15. Qe4 Bxf3 16. Qxf3 a6 17. Qe4 Ra7 18. Bd2 b5 19. c3 Nd7 20. f4 c4 21. Bc2 Nc5 22. Qf3 a5 23. Be3 Ra6 24. Bxc5 Qxc5 25. Rd7 b4 26. Red1 Rb6 27. h4 b3 28. axb3 cxb3 29. Bb1 Bh6 30. g3 Qxe5 31. Rd8 Qc5 32. h5 Rb8 33. Rxb8 Rxb8 34. hxg6 hxg6 35. Rh1 Rd8 36. g4 Qd6 37. Be4 Bxf4+ 38. Kb1 a4 39. Rf1 a3 40. bxa3 Qxa3 0-1

[Event "BL2 West 0910 (Women)"]
[Site "Germany"]
[Date "2010.01.17"]
[Round "5.1"]
[White "Ivannikova, Svetlana"]
[Black "Wirths, Clara"]
[Result "1-0"]
[WhiteElo "2159"]
[BlackElo "2072"]
[PlyCount "63"]
[EventDate "2009.11.07"]
[EventType "team-tourn"]
[EventRounds "7"]
[EventCountry "GER"]
[SourceTitle "CBM 133 Extra"]
[Source "ChessBase"]
[SourceDate "2010.01.05"]
[SourceVersion "1"]
[SourceVersionDate "2010.01.05"]
[SourceQuality "1"]
[WhiteTeam "Dortmund 1875 (W)"]
[BlackTeam "Wattenscheid (W)"]
[WhiteTeamCountry "GER"]
[BlackTeamCountry "GER"]

1. d4 Nf6 2. Bf4 d6 3. e3 Nc6 4. Nf3 Nh5 5. Bg5 g6 6. Be2 Bg7 7. 0-0 0-0 8. c4 h6 9. Bh4 Nf6 10. Nc3 a6 11. d5 Ne5 12. Nd4 c5 13. Nc2 Nh7 14. f4 Nd7 15. e4 Bf6 16. Bxf6 exf6 17. Ne3 Rb8 18. Qe1 Qa5 19. Qh4 Kg7 20. Rf3 Rh8 21. Rg3 b5 22. Nf5+ Kf8 23. Qxh6+ Ke8 24. Qg7 Rf8 25. Nxd6+ Ke7 26. e5 Ng5 27. fxg5 fxe5 28. Nce4 bxc4 29. Rf3 Bb7 30. Nxf7 Rg8 31. Qh7 Bxd5 32. Nh6+ 1-0

[Event "BL2 West 0910 (Women)"]
[Site "Germany"]
[Date "2009.12.05"]
[Round "3.1"]
[White "Kopylov, Luba"]
[Black "Wirths, Clara"]
[Result "1-0"]
[WhiteElo "2196"]
[BlackElo "2072"]
[PlyCount "41"]
[EventDate "2009.11.07"]
[EventType "team-tourn"]
[EventRounds "7"]
[EventCountry "GER"]
[SourceTitle "CBM 133 Extra"]
[Source "ChessBase"]
[SourceDate "2010.01.05"]
[SourceVersion "1"]
[SourceVersionDate "2010.01.05"]
[SourceQuality "1"]
[WhiteTeam "Kiel Doppelbauer (W)"]
[BlackTeam "Wattenscheid (W)"]
[WhiteTeamCountry "GER"]
[BlackTeamCountry "GER"]

1. d4 Nf6 2. c4 d6 3. Nc3 Nc6 4. e4 e5 5. Nge2 g6 6. Bg5 Bg7 7. d5 Ne7 8. f3 0-0 9. Qd2 c6 10. g4 a6 11. Ng3 b5 12. h4 bxc4 13. Bxc4 Rb8 14. h5 cxd5 15. Bxf6 Bxf6 16. hxg6 fxg6 17. Qh6 Rf7 18. Nxd5 Qa5+ 19. b4 Rxb4 20. Nxf6+ Kh8 21. Qxh7+ 1-0

[Event "Ruhrgebiet VL1 0910"]
[Site "Germany"]
[Date "2009.10.04"]
[Round "2.2"]
[White "Wirths, Clara"]
[Black "Poley, Vladimir"]
[Result "0-1"]
[WhiteElo "2072"]
[BlackElo "2328"]
[PlyCount "77"]
[EventDate "2009.09.06"]
[EventType "team-tourn"]
[EventRounds "9"]
[EventCountry "GER"]
[SourceTitle "EXT 2011"]
[Source "ChessBase"]
[SourceDate "2010.11.26"]
[SourceVersion "1"]
[SourceVersionDate "2010.11.26"]
[SourceQuality "1"]
[WhiteTeam "Wattenscheid IV"]
[BlackTeam "Oberhausen"]
[WhiteTeamCountry "GER"]
[BlackTeamCountry "GER"]

1. e4 g6 2. d4 Bg7 3. Nc3 c6 4. Bc4 d5 5. exd5 b5 6. Bb3 b4 7. Na4 cxd5 8. Be3 Nf6 9. h3 0-0 10. Nf3 Na6 11. 0-0 e6 12. a3 bxa3 13. Rxa3 Ne4 14. Nc3 Nxc3 15. bxc3 Nc7 16. Qd3 Qd6 17. Rfa1 Bb7 18. Nd2 a6 19. c4 dxc4 20. Nxc4 Qc6 21. f3 Nb5 22. Na5 Qc7 23. Ra4 Rfd8 24. Nxb7 Qxb7 25. c3 Rac8 26. Rc4 Nd6 27. Rxc8 Rxc8 28. Rb1 Qc6 29. Bd2 a5 30. c4 a4 31. Ba2 Nf5 32. Be3 Nxd4 33. Bxd4 Qd6 34. Rd1 Rd8 35. Kh1 Bxd4 36. Qe4 Qc5 37. Qf4 Kg7 38. h4 Be3 39. Qxe3 0-1

[Event "BL2 West 0809 (Women)"]
[Site "Germany"]
[Date "2008.11.08"]
[Round "1.1"]
[White "Wirths, Clara"]
[Black "Kickert, Germaine Helene"]
[Result "0-1"]
[WhiteElo "2043"]
[BlackElo "1921"]
[PlyCount "80"]
[EventDate "2008.11.08"]
[EventType "team-tourn"]
[EventRounds "7"]
[EventCountry "GER"]
[SourceTitle "EXT 2010"]
[Source "ChessBase"]
[SourceDate "2010.11.25"]
[SourceVersion "1"]
[SourceVersionDate "2010.11.25"]
[SourceQuality "1"]
[WhiteTeam "Wattenscheid (W)"]
[BlackTeam "Delmenhorst (W)"]
[WhiteTeamCountry "GER"]
[BlackTeamCountry "GER"]

1. e4 c5 2. Nf3 Nc6 3. d4 cxd4 4. Nxd4 Nf6 5. Nc3 e6 6. Ndb5 Bc5 7. Nd6+ Ke7 8. Bf4 e5 9. Nxc8+ Rxc8 10. Bg5 Kf8 11. Qd2 Bb4 12. Bxf6 Qxf6 13. Qxd7 Rd8 14. Qxb7 Bc5 15. f3 Qh4+ 16. g3 Qg5 17. Nd5 Nd4 18. f4 exf4 19. 0-0-0 fxg3+ 20. Kb1 Qe5 21. Bg2 Rb8 22. Qc7 Bd6 23. Qc3 Ne2 24. Qxe5 Bxe5 25. b3 gxh2 26. Rd2 Nf4 27. Nxf4 Bxf4 28. Rd7 Ra8 29. Rf1 g5 30. e5 Re8 31. Rxa7 h5 32. a4 h4 33. a5 h3 34. Bh1 Re7 35. Rxe7 Kxe7 36. Bd5 Rd8 37. Be4 g4 38. a6 Be3 39. Bf5 Rg8 40. Rd1 g3 0-1

[Event "NRW Class2 0708"]
[Site "Germany"]
[Date "2007.10.14"]
[Round "2.8"]
[White "Rohde, Ulrich"]
[Black "Wirths, Clara"]
[Result "1/2-1/2"]
[WhiteElo "2229"]
[BlackElo "1984"]
[PlyCount "57"]
[EventDate "2007.09.16"]
[EventType "team"]
[EventRounds "9"]
[EventCountry "GER"]
[SourceTitle "EXT 2009"]
[Source "ChessBase"]
[SourceDate "2008.11.26"]
[SourceVersion "1"]
[SourceVersionDate "2008.11.26"]
[SourceQuality "1"]
[WhiteTeam "Godesberg II"]
[BlackTeam "Solingen III"]
[WhiteTeamCountry "GER"]
[BlackTeamCountry "GER"]

1. Nf3 Nf6 2. c4 g6 3. g3 Bg7 4. Bg2 0-0 5. d4 d6 6. Nc3 Nc6 7. 0-0 a6 8. d5 Ne5 9. Nxe5 dxe5 10. c5 Rb8 11. Qb3 e6 12. Rd1 exd5 13. Nxd5 Nxd5 14. Bxd5 Qe7 15. Be3 Re8 16. Rd2 Be6 17. Bxe6 Qxe6 18. Qxe6 Rxe6 19. Rd7 Rc6 20. Rad1 Bf8 21. Rd8 Rxd8 22. Rxd8 Kg7 23. Rd5 Kf6 24. b4 b6 25. b5 axb5 26. cxb6 cxb6 27. Rxb5 Bc5 28. Bxc5 bxc5 29. Kf1 1/2-1/2